000 01007nam a22002897a 4500
003 PE SENCICO BE
005 20260306153257.0
008 260212b |||||||| |||| 00| 0 eng d
020 _a968-13-0645-7
040 _aPE SENCICO BE
_cPE SENCICO BE
041 _aspa
082 _a691
_bC41
_c1972
100 1 _aCejudo Ramírez, Alberto
_9238
_eautor
245 1 _aMateriales y procedimientos de construcción /
_cAlberto Cejudo Ramírez
250 _a2a ed.
260 _aMéxico, D. F. :
_bDiana ;
_c1972
300 _atomos :
_bdiagramas ;
_c27,5 cm.
504 _aBibliografía: p.134
505 0 _aEl terreno -- Cimentación -- Análisis de cargas -- Concreto -- Concretos especiales -- Aditivos
520 3 _aPresenta diversos procedimientos para a construcción
650 1 0 _aMateriales de construcción
_9308
650 2 0 _aProceso constructivo
_9426
650 2 0 _aMuros
_9346
710 1 _aEscuela Mexicana de Arquitectura
_9239
_eautor
910 _ahfp
942 _2ddc
_cLIB
999 _c9847
_d9847